[Event "DEN-ch Seniors 50"]
[Site "Logumkloster"]
[Date "2020.02.14"]
[Round "6"]
[White "Nielsen, Frode Benedikt"]
[Black "Starup, Leo"]
[Result "1/2-1/2"]
[WhiteElo "1901"]
[BlackElo "1529"]
[PlyCount "76"]
[EventDate "2020.02.09"]
[EventType "swiss"]
[EventRounds "7"]
[EventCountry "DEN"]
[SourceTitle "EXT 2021"]
[Source "ChessBase"]
[SourceDate "2020.10.23"]
[SourceVersion "1"]
[SourceVersionDate "2020.10.23"]
[SourceQuality "1"]

1. c4 e5 2. Nc3 Nf6 3. g3 c6 4. d4 exd4 5. Qxd4 d6 6. Bg2 Be6 7. Nf3 h6 8. 0-0 Be7 9. b3 0-0 10. Ba3 c5 11. Qd3 Nc6 12. Rad1 a6 13. Nd5 Bxd5 14. cxd5 Nb4 15. Bxb4 cxb4 16. e4 Nd7 17. Nd2 Nc5 18. Qe3 b5 19. e5 Rb8 20. f4 Re8 21. Ne4 Nxe4 22. Bxe4 Rc8 23. Bb1 dxe5 24. Qd3 e4 25. Qd2 Rc3 26. d6 e3 27. Qe2 Bxd6 28. Rd5 Qb6 29. Rfd1 Bc5 30. Rd7 Qc6 31. h3 Qf6 32. Kh2 Qc6 33. Qh5 Rf8 34. Qf5 g6 35. Qe5 Qf3 36. Bxg6 Qf2+ 37. Kh1 Qf3+ 38. Kh2 Qf2+ 1/2-1/2

[Event "Helsingor Xtracon op"]
[Site "Helsingor"]
[Date "2019.07.27"]
[Round "9"]
[White "Bredeli, Havard Iversen"]
[Black "Starup, Leo"]
[Result "1/2-1/2"]
[WhiteElo "1397"]
[BlackElo "1556"]
[PlyCount "42"]
[EventDate "2019.07.20"]
[EventType "swiss"]
[EventRounds "10"]
[EventCountry "DEN"]
[SourceTitle "CBM 191 Extra"]
[Source "ChessBase"]
[SourceDate "2019.09.30"]
[SourceVersion "1"]
[SourceVersionDate "2019.09.30"]
[SourceQuality "1"]

1. d4 Nf6 2. Nf3 e6 3. c4 d5 4. Nc3 c5 5. cxd5 exd5 6. e3 b6 7. Bb5+ Bd7 8. Bxd7+ Nbxd7 9. 0-0 Be7 10. Re1 0-0 11. e4 dxe4 12. Nxe4 Nxe4 13. Rxe4 Nf6 14. Re1 cxd4 15. Nxd4 Bc5 16. Be3 Re8 17. Nf5 Bxe3 18. Nxe3 Qe7 19. Nf5 Qxe1+ 20. Qxe1 Rxe1+ 21. Rxe1 Re8 1/2-1/2

[Event "Helsingor Xtracon op"]
[Site "Helsingor"]
[Date "2019.07.26"]
[Round "8"]
[White "Starup, Leo"]
[Black "Nielsen, Peter"]
[Result "0-1"]
[WhiteElo "1556"]
[BlackElo "1686"]
[PlyCount "28"]
[EventDate "2019.07.20"]
[EventType "swiss"]
[EventRounds "10"]
[EventCountry "DEN"]
[SourceTitle "CBM 191 Extra"]
[Source "ChessBase"]
[SourceDate "2019.09.30"]
[SourceVersion "1"]
[SourceVersionDate "2019.09.30"]
[SourceQuality "1"]

1. e4 c5 2. c3 d5 3. exd5 Qxd5 4. Nf3 e5 5. d3 Nc6 6. Qc2 Bf5 7. Nbd2 0-0-0 8. a4 Be7 9. Nc4 Qxc4 10. a5 Bxd3 11. Bxd3 Qxd3 12. Qb3 Nf6 13. a6 b6 14. Qxf7 Qd1# 0-1

[Event "Helsingor Xtracon op"]
[Site "Helsingor"]
[Date "2019.07.22"]
[Round "4"]
[White "Starup, Leo"]
[Black "Mansoor, Areeb"]
[Result "1-0"]
[WhiteElo "1556"]
[BlackElo "1183"]
[PlyCount "97"]
[EventDate "2019.07.20"]
[EventType "swiss"]
[EventRounds "10"]
[EventCountry "DEN"]
[SourceTitle "CBM 191 Extra"]
[Source "ChessBase"]
[SourceDate "2019.09.30"]
[SourceVersion "1"]
[SourceVersionDate "2019.09.30"]
[SourceQuality "1"]

1. e4 e5 2. Nf3 Nc6 3. Bb5 a6 4. Ba4 Nf6 5. d3 b5 6. Bb3 Bc5 7. Bg5 d6 8. h3 h6 9. Bh4 Be6 10. c3 0-0 11. 0-0 Ne7 12. Nbd2 Ng6 13. Bg3 Bxb3 14. axb3 Re8 15. Re1 Nf4 16. Nf1 N4h5 17. Bh2 Nf4 18. Ne3 Bxe3 19. Rxe3 Ng6 20. Qc2 c6 21. Rae1 c5 22. d4 cxd4 23. cxd4 exd4 24. Nxd4 Rc8 25. Rc3 Rxc3 26. bxc3 d5 27. f3 dxe4 28. fxe4 Qa8 29. e5 Nh4 30. Qf2 g5 31. g3 Ne4 32. Qe3 Nxc3 33. gxh4 Nd5 34. Qg3 Qa7 35. Qf2 gxh4 36. Qg2+ Kf8 37. Qxd5 Re6 38. Kf1 Rg6 39. Qd8+ Kg7 40. Nf5+ Kh7 41. Nxh4 Rg5 42. Qd3+ Kg7 43. Nf5+ Kh8 44. e6 Qa8 45. Be5+ Kg8 46. Nxh6+ Kf8 47. Qd6+ Ke8 48. Qd7+ Kf8 49. Qxf7# 1-0

[Event "DEN-ch Seniors 50+"]
[Site "Odder"]
[Date "2019.02.14"]
[Round "4"]
[White "Starup, Leo"]
[Black "Poulsen, Knud"]
[Result "1-0"]
[WhiteElo "1554"]
[BlackElo "1747"]
[PlyCount "91"]
[EventDate "2019.02.11"]
[EventType "swiss"]
[EventRounds "7"]
[EventCountry "DEN"]
[SourceTitle "CBM 189 Extra"]
[Source "ChessBase"]
[SourceDate "2019.06.03"]
[SourceVersion "1"]
[SourceVersionDate "2019.06.03"]
[SourceQuality "1"]

1. d4 Nf6 2. c4 e6 3. Nc3 Bb4 4. Qc2 d5 5. a3 Bxc3+ 6. bxc3 Ne4 7. Nf3 Nc6 8. e3 0-0 9. Be2 f5 10. 0-0 Rf6 11. cxd5 exd5 12. c4 Be6 13. Bb2 Rh6 14. Rab1 Rb8 15. cxd5 Bxd5 16. Bc4 Ne7 17. Bxd5+ Nxd5 18. Qc4 c6 19. Rfc1 Qd6 20. g3 g5 21. Qd3 Re8 22. Rc2 f4 23. Ne5 Rxe5 24. dxe5 Qg6 25. g4 f3 26. Rc4 Rxh2 27. Qxe4 Rg2+ 28. Kf1 Nxe3+ 29. Qxe3 Rh2 30. Qxf3 Qxb1+ 31. Bc1 Qb5 32. Qc3 Rh1+ 33. Ke2 Qd5 34. Bd2 Rh3 35. f3 Rh2+ 36. Ke3 Rh3 37. Re4 Qf7 38. Ke2 Rh2+ 39. Kd1 b5 40. e6 Rh1+ 41. Kc2 Qe7 42. Qb4 c5 43. Qxb5 Rh2 44. Qd7 Kf8 45. Rc4 Rh6 46. Bxg5 1-0

[Event "Helsingor Xtracon op"]
[Site "Helsingor"]
[Date "2018.07.24"]
[Round "5"]
[White "Starup, Leo"]
[Black "Densing, Gerd"]
[Result "0-1"]
[WhiteElo "1562"]
[BlackElo "1794"]
[PlyCount "102"]
[EventDate "2018.07.21"]
[EventType "swiss"]
[EventRounds "10"]
[EventCountry "DEN"]
[SourceTitle "CBM 185 Extra"]
[Source "ChessBase"]
[SourceDate "2018.07.29"]
[SourceVersion "1"]
[SourceVersionDate "2018.07.29"]
[SourceQuality "1"]

1. e4 e6 2. d4 b6 3. g3 Bb7 4. Bg2 f5 5. f3 fxe4 6. fxe4 Nf6 7. Qe2 Qc8 8. Bd2 Na6 9. c4 Bb4 10. Nc3 0-0 11. Nh3 c5 12. d5 exd5 13. cxd5 d6 14. 0-0 Nc7 15. Rf2 Qd7 16. Nf4 Ba6 17. Qe1 Rab8 18. Bh3 Qe7 19. Ne6 Nxe6 20. Bxe6+ Kh8 21. a3 Bxc3 22. Bxc3 Bc8 23. e5 dxe5 24. Bxc8 Rbxc8 25. Qxe5 Qxe5 26. Bxe5 Nxd5 27. Rd1 Rxf2 28. Kxf2 Rd8 29. Bc7 Rd7 30. Bb8 a6 31. Kf3 Kg8 32. Re1 Kf7 33. g4 b5 34. Re5 c4 35. Rf5+ Kg6 36. Re5 Nf6 37. Re3 Kf7 38. h3 Rd2 39. Be5 Nd5 40. Re4 Rd3+ 41. Kg2 g6 42. Bh8 g5 43. Re5 Nf4+ 44. Kf1 Nxh3 45. Ke1 Rd6 46. Kf1 h6 47. Rf5+ Kg6 48. Rf3 Nf4 49. Be5 Re6 50. Bxf4 gxf4 51. Rxf4 Rf6 0-1

[Event "Helsingor Xtracon op"]
[Site "Helsingor"]
[Date "2018.07.22"]
[Round "3"]
[White "Starup, Leo"]
[Black "Nord, Alexander"]
[Result "0-1"]
[WhiteElo "1562"]
[BlackElo "1763"]
[PlyCount "88"]
[EventDate "2018.07.21"]
[EventType "swiss"]
[EventRounds "10"]
[EventCountry "DEN"]
[SourceTitle "CBM 185 Extra"]
[Source "ChessBase"]
[SourceDate "2018.07.29"]
[SourceVersion "1"]
[SourceVersionDate "2018.07.29"]
[SourceQuality "1"]

1. d4 Nf6 2. c4 e6 3. Nc3 Bb4 4. Qc2 0-0 5. Nf3 d6 6. Bg5 h6 7. Bh4 c5 8. e3 Nbd7 9. Be2 Qa5 10. 0-0 Bxc3 11. bxc3 Qc7 12. Rfd1 b6 13. d5 Bb7 14. e4 e5 15. Rdb1 Rfe8 16. Nd2 Kf8 17. Nf1 Ke7 18. Ne3 g6 19. g4 Kd8 20. g5 hxg5 21. Bxg5 Kc8 22. f3 Kb8 23. a4 a5 24. Rb2 Ka7 25. Rab1 Nh5 26. Ng2 f6 27. Be3 Ba6 28. Bf1 Qd8 29. f4 Qe7 30. Bd3 Rh8 31. f5 gxf5 32. exf5 Rag8 33. Kf1 Ng7 34. Rb5 Bxb5 35. Rxb5 Rxh2 36. Bg1 Rh3 37. Qb1 Rb8 38. Ne3 Nh5 39. Rb2 Nf4 40. Be4 Rg8 41. Rh2 Rxg1+ 42. Kxg1 Rxe3 43. Qc2 Re1+ 44. Kf2 Re2+ 0-1

[Event "Helsingor Xtracon op"]
[Site "Helsingor"]
[Date "2018.07.21"]
[Round "1"]
[White "Starup, Leo"]
[Black "Pallesen, Jacob"]
[Result "0-1"]
[WhiteElo "1562"]
[BlackElo "2058"]
[PlyCount "64"]
[EventDate "2018.07.21"]
[EventType "swiss"]
[EventRounds "10"]
[EventCountry "DEN"]
[SourceTitle "CBM 185 Extra"]
[Source "ChessBase"]
[SourceDate "2018.07.29"]
[SourceVersion "1"]
[SourceVersionDate "2018.07.29"]
[SourceQuality "1"]

1. d4 Nf6 2. c4 g6 3. Nc3 Bg7 4. Nf3 0-0 5. Bg5 h6 6. Bh4 d6 7. e3 Na6 8. Be2 c5 9. d5 Nc7 10. 0-0 Bd7 11. Qd3 a6 12. e4 b5 13. a4 bxc4 14. Qxc4 Rb8 15. Qa2 Rb4 16. Bxf6 Bxf6 17. Bc4 Qb8 18. Rab1 Qb7 19. Rfc1 Rb8 20. b3 e6 21. Qd2 exd5 22. Nxd5 Nxd5 23. Bxd5 Bc6 24. Bxf7+ Kxf7 25. Qxd6 Qd7 26. Qf4 Kg7 27. Rd1 Qe7 28. Rd6 Rxb3 29. Re1 Rxf3 30. Qd2 Bc3 31. Qd1 Rf6 32. e5 Rxd6 0-1

[Event "Helsingor Xtracon op"]
[Site "Helsingor"]
[Date "2017.07.27"]
[Round "7"]
[White "Westerlund, Ola"]
[Black "Starup, Leo"]
[Result "1-0"]
[WhiteElo "1910"]
[BlackElo "1629"]
[PlyCount "67"]
[EventDate "2017.07.22"]
[EventType "swiss"]
[EventRounds "10"]
[EventCountry "DEN"]
[SourceTitle "CBM 179 Extra"]
[Source "ChessBase"]
[SourceDate "2017.08.23"]
[SourceVersion "1"]
[SourceVersionDate "2017.08.23"]
[SourceQuality "1"]

1. d4 Nf6 2. c4 d5 3. cxd5 Nxd5 4. Nf3 Nc6 5. e4 Nf6 6. d5 Nb8 7. Nc3 e6 8. Bc4 exd5 9. exd5 Be7 10. 0-0 0-0 11. Qc2 h6 12. h3 c6 13. Rd1 Qc7 14. Qb3 Nbd7 15. Be3 Bd6 16. Rac1 Qb8 17. a4 a5 18. Nd4 Ne5 19. dxc6 bxc6 20. Be2 Qxb3 21. Nxb3 Bb4 22. Nc5 Bxc5 23. Bxc5 Re8 24. f4 Ned7 25. Bd6 c5 26. Bf3 Ra6 27. Nb5 Ne4 28. Nc7 Rxd6 29. Nxe8 Rxd1+ 30. Rxd1 Nef6 31. Nxf6+ gxf6 32. Bg4 Nb6 33. Bxc8 Nxc8 34. Rd8+ 1-0

[Event "Helsingor Xtracon op"]
[Site "Helsingor"]
[Date "2017.07.26"]
[Round "6"]
[White "Starup, Leo"]
[Black "Hjornevik, Oyvind"]
[Result "1/2-1/2"]
[WhiteElo "1629"]
[BlackElo "1365"]
[PlyCount "65"]
[EventDate "2017.07.22"]
[EventType "swiss"]
[EventRounds "10"]
[EventCountry "DEN"]
[SourceTitle "CBM 179 Extra"]
[Source "ChessBase"]
[SourceDate "2017.08.23"]
[SourceVersion "1"]
[SourceVersionDate "2017.08.23"]
[SourceQuality "1"]

1. e4 e6 2. d4 d5 3. exd5 exd5 4. Nf3 Nf6 5. Be2 Bd6 6. Nc3 0-0 7. 0-0 Bg4 8. h3 Bf5 9. b3 c6 10. Re1 Qc8 11. Bf1 Qc7 12. a4 Bb4 13. Bb2 Ne4 14. Re3 Nd7 15. Nxe4 Bxe4 16. c4 Bxf3 17. Qxf3 Nf6 18. Bd3 Rfe8 19. Rd1 Bd6 20. Rde1 Qa5 21. R1e2 Qc7 22. Qf5 Rxe3 23. Rxe3 Qd7 24. c5 Qxf5 25. Bxf5 Bc7 26. Re7 Ne8 27. Bc1 b6 28. b4 bxc5 29. bxc5 Kh8 30. Re2 f6 31. Kf1 h6 32. Bd3 Ba5 33. Bf5 1/2-1/2

[Event "Helsingor Xtracon op"]
[Site "Helsingor"]
[Date "2017.07.23"]
[Round "3"]
[White "Hansen, Andreas Ph"]
[Black "Starup, Leo"]
[Result "0-1"]
[WhiteElo "1624"]
[BlackElo "1629"]
[PlyCount "78"]
[EventDate "2017.07.22"]
[EventType "swiss"]
[EventRounds "10"]
[EventCountry "DEN"]
[SourceTitle "CBM 179 Extra"]
[Source "ChessBase"]
[SourceDate "2017.08.23"]
[SourceVersion "1"]
[SourceVersionDate "2017.08.23"]
[SourceQuality "1"]

1. d4 Nf6 2. c4 d5 3. Nc3 e6 4. Bg5 Nbd7 5. cxd5 exd5 6. Nxd5 Nxd5 7. Bxd8 Bb4+ 8. Qd2 Bxd2+ 9. Kxd2 Kxd8 10. e4 N5f6 11. Bd3 Nb6 12. Nf3 h6 13. h3 Nbd7 14. Ke3 Re8 15. Nd2 Nb6 16. f4 Nh5 17. g4 Nd5+ 18. Kf3 Nhxf4 19. exd5 Nxd3 20. a3 Nxb2 21. Rab1 Na4 22. Rhe1 Nb6 23. Rxe8+ Kxe8 24. Ke4 Bd7 25. Re1 Kf8 26. Nf3 Nxd5 27. Ne5 Be6 28. Kd3 Nf4+ 29. Kc3 Rd8 30. h4 Bd5 31. g5 hxg5 32. hxg5 Rd6 33. Rf1 Ng6 34. Nxg6+ Rxg6 35. Rf5 c6 36. Kb4 b6 37. a4 a5+ 38. Kc3 Re6 39. Kd2 Bb3 0-1

[Event "Helsingor Xtracon op"]
[Site "Helsingor"]
[Date "2016.07.24"]
[Round "3"]
[White "Starup, Leo"]
[Black "Calderon, Paul"]
[Result "0-1"]
[WhiteElo "1598"]
[BlackElo "1828"]
[PlyCount "58"]
[EventDate "2016.07.23"]
[EventType "swiss"]
[EventRounds "10"]
[EventCountry "DEN"]
[SourceTitle "CBM 173 Extra"]
[Source "ChessBase"]
[SourceDate "2016.08.29"]
[SourceVersion "1"]
[SourceVersionDate "2016.08.29"]
[SourceQuality "1"]

1. e4 c5 2. Nf3 Nc6 3. d4 cxd4 4. Nxd4 e5 5. Nb5 d6 6. b3 a6 7. N5a3 Be7 8. Be3 Nf6 9. f3 d5 10. exd5 Nxd5 11. Bd2 Bh4+ 12. g3 Bf6 13. Nc3 e4 14. Nxe4 Bxa1 15. Qxa1 0-0 16. Nc4 Re8 17. Kf2 Be6 18. Bg2 b5 19. Ncd6 Qb6+ 20. Kf1 Red8 21. c4 bxc4 22. Nxc4 Qb5 23. Ke1 Ndb4 24. Qc3 Rd3 25. Ncd6 Qh5 26. Qc1 Rxd6 27. Nc5 Qxc5 28. Qxc5 Nd3+ 29. Ke2 Nxc5 0-1

[Event "Helsingor Xtracon op"]
[Site "Helsingor"]
[Date "2016.07.23"]
[Round "1"]
[White "Starup, Leo"]
[Black "Nielsen, Klaus"]
[Result "0-1"]
[WhiteElo "1598"]
[BlackElo "2089"]
[PlyCount "82"]
[EventDate "2016.07.23"]
[EventType "swiss"]
[EventRounds "10"]
[EventCountry "DEN"]
[SourceTitle "CBM 173 Extra"]
[Source "ChessBase"]
[SourceDate "2016.08.29"]
[SourceVersion "1"]
[SourceVersionDate "2016.08.29"]
[SourceQuality "1"]

1. e4 d6 2. Nf3 Nf6 3. Nc3 g6 4. Bc4 Bg7 5. d4 0-0 6. 0-0 c6 7. Bg5 b5 8. Bd3 b4 9. Ne2 Bg4 10. Ng3 Qa5 11. Bd2 Qb6 12. Be3 Nbd7 13. h3 Bxf3 14. Qxf3 Qc7 15. Rab1 c5 16. c3 c4 17. Be2 bxc3 18. bxc3 Rab8 19. Rfc1 Rfc8 20. Bd1 Qa5 21. Ne2 Rxb1 22. Rxb1 Qxa2 23. Rb7 Qa6 24. Rb1 e5 25. Ng3 Qa2 26. Rb7 Rb8 27. Rxb8+ Nxb8 28. dxe5 dxe5 29. Be2 Nbd7 30. Bf1 Nb6 31. Qd1 Nbd7 32. h4 a5 33. Qd6 Qa1 34. Qc7 Qxc3 35. Bxc4 Qb4 36. Ba2 h5 37. Qd8+ Bf8 38. Bg5 Qe1+ 39. Kh2 Qxf2 40. Qxa5 Ng4+ 41. Kh1 Qxg3 0-1

[Event "Politiken Cup 37th"]
[Site "Helsingor"]
[Date "2015.07.28"]
[Round "5"]
[White "Starup, Leo"]
[Black "Frederiksen Kristian, Pade"]
[Result "0-1"]
[WhiteElo "1619"]
[BlackElo "1839"]
[PlyCount "32"]
[EventDate "2015.07.25"]
[EventType "swiss"]
[EventRounds "10"]
[EventCountry "DEN"]
[SourceTitle "CBM 167 Extra"]
[Source "ChessBase"]
[SourceDate "2015.09.14"]
[SourceVersion "1"]
[SourceVersionDate "2015.09.14"]
[SourceQuality "1"]

1. e4 e5 2. Nf3 Nc6 3. Bb5 a6 4. Ba4 d6 5. h3 g6 6. c3 Bd7 7. d3 Bg7 8. Be3 Nge7 9. Nbd2 f5 10. exf5 Bxf5 11. Ne4 d5 12. Neg5 h6 13. g4 Bd7 14. Qe2 hxg5 15. Nxg5 Nc8 16. Bc5 Qxg5 0-1

[Event "Politiken Cup 36th"]
[Site "Helsingor"]
[Date "2014.07.22"]
[Round "3"]
[White "Rendlev, Niels Moller"]
[Black "Starup, Leo"]
[Result "0-1"]
[WhiteElo "1790"]
[BlackElo "1594"]
[PlyCount "96"]
[EventDate "2014.07.21"]
[EventType "swiss"]
[EventRounds "10"]
[EventCountry "DEN"]
[SourceTitle "CBM 161 Extra"]
[Source "ChessBase"]
[SourceDate "2014.08.29"]
[SourceVersion "1"]
[SourceVersionDate "2014.08.29"]
[SourceQuality "1"]

1. g3 d5 2. f4 Nf6 3. Bg2 e6 4. Nf3 b6 5. d3 Bb7 6. e3 Bd6 7. 0-0 0-0 8. Nc3 Nbd7 9. Qe2 Re8 10. e4 dxe4 11. dxe4 a5 12. Rd1 Ba6 13. Qe1 Ng4 14. e5 Bc5+ 15. Nd4 Ndxe5 16. Be3 Nxe3 17. Qxe3 Nc4 18. Qe4 Nxb2 19. Kh1 Nxd1 20. Rxd1 Qf6 21. Ncb5 Bxb5 22. Nxb5 Rad8 23. Rb1 Re7 24. Qc6 Red7 25. Bf3 Qe7 26. a4 Bd4 27. c3 Bc5 28. Bg4 Bd6 29. Bf3 Qf6 30. Rd1 Qe7 31. Na7 Bc5 32. Rb1 Rd3 33. Nb5 Rxf3 34. Qxf3 Qd7 35. Kg2 h6 36. c4 Qd2+ 37. Kh3 Qd7 38. Nc3 Qd3 39. Qxd3 Rxd3 40. Ne4 Bb4 41. Rc1 f5 42. Nf2 Rd2 43. Nd1 g5 44. fxg5 hxg5 45. Ne3 g4+ 46. Nxg4 fxg4+ 47. Kxg4 Rxh2 48. Rd1 Bd6 0-1

[Event "Politiken Cup 35th"]
[Site "Helsingor"]
[Date "2013.08.02"]
[Round "8"]
[White "Nielsen, Ejgild"]
[Black "Starup, Leo"]
[Result "1-0"]
[WhiteElo "1900"]
[BlackElo "1686"]
[PlyCount "95"]
[EventDate "2013.07.27"]
[EventType "swiss"]
[EventRounds "10"]
[EventCountry "DEN"]
[SourceTitle "CBM 155 Extra"]
[Source "ChessBase"]
[SourceDate "2013.08.26"]
[SourceVersion "1"]
[SourceVersionDate "2013.08.26"]
[SourceQuality "1"]

1. d4 d5 2. Nf3 e6 3. c4 c6 4. e3 Nf6 5. Nc3 Nbd7 6. Bd3 Bd6 7. 0-0 0-0 8. Qc2 h6 9. Ne2 dxc4 10. Bxc4 b5 11. Bb3 Bb7 12. Ng3 Qc7 13. Qe2 a6 14. e4 Bf4 15. e5 Bxg3 16. hxg3 Nd5 17. Bd2 Rac8 18. Rac1 N7b6 19. g4 Qe7 20. a3 Rfe8 21. Be3 Nxe3 22. Qxe3 Nd5 23. Bxd5 exd5 24. Rc5 Rc7 25. Rfc1 Qe6 26. g5 h5 27. Nh4 g6 28. Qf4 Kh7 29. R1c3 Ree7 30. Rf3 Bc8 31. Rg3 a5 32. Kh2 Qd7 33. b3 Ra7 34. Qe3 Qe8 35. Rf3 Be6 36. Rf6 Rec7 37. f4 Qd7 38. Qd3 Kg7 39. Nxg6 Bf5 40. Rxf5 fxg6 41. Rf6 Qe8 42. f5 gxf5 43. Qxf5 Rf7 44. Qg6+ Kh8 45. Qh6+ Kg8 46. Qg6+ Kh8 47. Rcxc6 Rae7 48. Qf5 1-0

[Event "Politiken Cup 35th"]
[Site "Helsingor"]
[Date "2013.07.30"]
[Round "5"]
[White "Edwardsson, Hannu Kalervo"]
[Black "Starup, Leo"]
[Result "0-1"]
[WhiteElo "1474"]
[BlackElo "1686"]
[PlyCount "96"]
[EventDate "2013.07.27"]
[EventType "swiss"]
[EventRounds "10"]
[EventCountry "DEN"]
[SourceTitle "CBM 155 Extra"]
[Source "ChessBase"]
[SourceDate "2013.08.26"]
[SourceVersion "1"]
[SourceVersionDate "2013.08.26"]
[SourceQuality "1"]

1. e4 c5 2. c4 Nc6 3. Nf3 d6 4. Be2 Nf6 5. d3 e6 6. 0-0 Be7 7. Nc3 0-0 8. Be3 a6 9. a3 Bd7 10. Qc2 Rc8 11. Qd2 e5 12. Rab1 Nd4 13. Bxd4 cxd4 14. Nd5 Nxd5 15. cxd5 Bg4 16. h3 Bxf3 17. Bxf3 g6 18. Be2 Bg5 19. Qd1 Rc5 20. g3 Qd7 21. Kg2 Rfc8 22. Bg4 f5 23. exf5 gxf5 24. Bf3 Rc2 25. Bh5 R8c5 26. Qf3 Rd2 27. Rfd1 Rcc2 28. Rxd2 Rxd2 29. b4 Be3 30. Rf1 Ra2 31. Kg1 Bh6 32. Rb1 Rxa3 33. b5 a5 34. b6 e4 35. Qe2 Rxd3 36. Qc2 Rc3 37. Qa2 Rc5 38. Qb2 Qa4 39. Qe2 Qd7 40. g4 d3 41. Qa2 d2 42. gxf5 Rc1+ 43. Kg2 Qg7+ 44. Bg4 d1Q 45. Rxc1 Qxc1 46. Qxa5 Qca1 47. Qxa1 Qxa1 48. f6 Qxf6 0-1